Poesie, 1816-1834 /

Guardat en:
Dades bibliogràfiques
Autor principal: Platen, August : von
Altres autors: Landolfi, Andrea
Format: Llibre
Idioma:italià
alemany
Publicat: Roma : Elliot, 2019
Col·lecció:Poesia
Etiquetes: Afegir etiqueta
Sense etiquetes, Sigues el primer a etiquetar aquest registre!

MARC

LEADER 00000nam a22000007i 4500
001 IT\ICCU\PCM\0010361
003 ItRI
005 20250716175047.0
008 190802s2019 it |||||| ||||| |||||c
020 |a 9788869937613 
040 |b ita  |c Arcigay Viterbo 
041 7 |a ita  |a ger  |2 ISO-639-2 
082 |a 831.6  |2 21 
100 1 |a Platen, August : von  |0 IT\ICCU\CFIV\128873 
245 1 0 |a Poesie, 1816-1834 /  |c August von Platen ; a cura di Andrea Landolfi. 
260 |a Roma :  |b Elliot,  |c 2019 
300 |a 226 p. ;  |c 21 cm 
500 |a Testo originale a fronte 
700 1 |a Landolfi, Andrea  |0 IT\ICCU\MILV\079025 
830 0 |a Poesia  |0 IT\ICCU\CFI\0816949 
942 |2 ddc  |c BK 
952 |0 0  |1 0  |2 ddc  |4 0  |6 831_600000000000000_PLA_POE  |7 0  |9 8066  |a VT  |b VT  |d 2025-07-16  |e Donazione Maurizio Gregorini  |i B114  |l 0  |o 831.6 PLA POE  |p B114  |r 2025-07-16 17:54:00  |w 2025-07-16  |y BK  |z Donazione Maurizio Gregorini 
981 1 |6 z01  |a i   |b xxxe  
982 1 |6 z01  |a n 
999 |c 6753  |d 6753